000
00282nam a2200121 a 4500
008
101213s1980|||| d
100
1
_a
Kardoš, Dezider
245
1
0
_a
Pomôžeme slávikovi
260
_b
OPUS
_a
Bratislava
_c
1980
020
_c
9,50
044
_a
xo
_c
SK
041
_a
slo
999
_c
15187
_d
15187